<?xml version="1.0" encoding="UTF-8"?>
<collection xmlns="http://www.loc.gov/MARC21/slim">
  <record>
    <leader>00000nam  2200000   4500</leader>
    <controlfield tag="001">INLIS000000000018711</controlfield>
    <controlfield tag="005">20241206112110</controlfield>
    <datafield tag="035" ind1="#" ind2="#">
      <subfield code="a">0010-1224000082</subfield>
    </datafield>
    <controlfield tag="007">ta</controlfield>
    <controlfield tag="008">241206################g##########0#ind##</controlfield>
    <datafield tag="020" ind1="#" ind2="#">
      <subfield code="a">979-523-055-7</subfield>
    </datafield>
    <datafield tag="082" ind1="#" ind2="#">
      <subfield code="a">616.0252</subfield>
    </datafield>
    <datafield tag="084" ind1="#" ind2="#">
      <subfield code="a">616.0252 PER</subfield>
    </datafield>
    <datafield tag="100" ind1=" " ind2="#">
      <subfield code="a">Pertolongan Pertama Dokter Di Rumah Anda</subfield>
    </datafield>
    <datafield tag="245" ind1="1" ind2="#">
      <subfield code="a">Pertolongan Pertama Dokter Di Rumah Anda :</subfield>
      <subfield code="b">tuntunan bagi anda dan keluarga dalam mengenal gejala penyakit dan menghadapi keadaan gawat darurat /</subfield>
      <subfield code="c">Tony Smith (Editor)</subfield>
    </datafield>
    <datafield tag="250" ind1="#" ind2="#">
      <subfield code="a">1</subfield>
    </datafield>
    <datafield tag="260" ind1="#" ind2="#">
      <subfield code="a">Jakarta :</subfield>
      <subfield code="b">Dian Rakyat,</subfield>
      <subfield code="c">2002</subfield>
    </datafield>
    <datafield tag="300" ind1="#" ind2="#">
      <subfield code="a">316 hlm. ;</subfield>
      <subfield code="c">28 cm</subfield>
    </datafield>
    <datafield tag="650" ind1="#" ind2="4">
      <subfield code="a">Gejala Penyakit</subfield>
    </datafield>
    <datafield tag="650" ind1="#" ind2="4">
      <subfield code="a">Swamedikasi</subfield>
    </datafield>
    <datafield tag="520" ind1="#" ind2="#">
      <subfield code="a">Buku ini menjawab pertanyaan-pertanyaan penting seperti :&#13;
1. Haruskah segera menghubungi dokter, atau dapatkah keadaan ini diatasi sendiri&#13;
2. Apakah yang dapat dilakukan sambil menunggu bantuan seorang dokter&#13;
3. Apakah yang dapat dilakukan dokter dalam pengobatan ?&#13;
4. Gejala apa yang perlu dipantai bila keadaan makin parah ?...</subfield>
    </datafield>
    <datafield tag="990" ind1="#" ind2="#">
      <subfield code="a">03118056</subfield>
    </datafield>
  </record>
</collection>
